Köln ... oder Düsseldorf? - Statistiken

Allgemein
  • Dieses Quiz wurde 355 mal gespielt
  • Das Durchschnittsergebnis liegt bei 12 aus 15
Antwortstatistiken
Frage Antwort % Korrekt
Das Maskottchen des erfolgreichsten Fußballvereins ist ein Geißbock. Köln
97%
Hat mehr Einwohner. Köln
97%
Hier liegt die einzige "Japantown" Deutschlands. Düsseldorf
96%
Ist nach einem Fluss benannt. Düsseldorf
93%
Hier findet die Gamescom statt. Köln
93%
Liegt fast ausschließlich rechtsrheinisch. Düsseldorf
92%
Der erste Bundeskanzler und der erste Bundespräsident von Deutschland sind beide Ehrenbürger dieser Stadt. Köln
86%
Hier befindet sich der Sitz des WDR. Köln
86%
Hier befindet sich eine Seilbahn über den Rhein. Köln
83%
Hat schon den ESC ausgetragen. Düsseldorf
81%
Hat den größeren Flughafen (nach Passagieraufkommen). Düsseldorf
80%
Hat mehr Brücken über den Rhein. Köln
74%
Hat einen höheren (natürlichen) Punkt. Düsseldorf
55%
Liegt westlicher. Düsseldorf
52%
Ist dichter besiedelt. Düsseldorf
34%
Keine übereinstimmenden Quizze gefunden
Verteilung der Resultate
Anzahl Personen mit jedem Resultat
Perzentil nach korrekt beantworteten Fragen
Ihre Resultats-Entwicklung
Sie haben dieses Quiz noch nicht gespielt